| 000 | 00525nam a2200169Ia 4500 | ||
|---|---|---|---|
| 003 | SGT | ||
| 020 | _a9788190694254 | ||
| 082 |
_a621.3 _bSHA |
||
| 100 | _aSharma,Sanjeev | ||
| 245 | _aBasics of electricl engineering | ||
| 250 | _a2nd Ed. | ||
| 260 |
_bI.K. International Publishing House Pvt. Ltd. _aNew Delhi _c2008 |
||
| 300 | _aV.p. | ||
| 650 | _aELECTRONICS ENGINEERNG | ||
| 653 | _aDD CIRCUITS ANALYSIS OF SINGLE PHASE AC CIRCUITS,THREE-PHASE AC CIRCUITS,MEASURING INSTRUMENTS,MANGNETIC CIRCUIT | ||
| 942 |
_2ddc _cBK _015 |
||
| 999 |
_c5072 _d5072 |
||